| 000 | 01476nam a22003857a 4500 | ||
|---|---|---|---|
| 003 | CHAP | ||
| 005 | 20220329134211.0 | ||
| 008 | 971013c19721967 r 00010 d | ||
| 010 | _a16885 | ||
| 011 | _a17857 | ||
| 035 | _a21941 | ||
| 040 | _cCHAP | ||
| 082 |
_a428.24 _bA54 |
||
| 100 | 0 | 0 |
_aAlexander, L. G. _93824 |
| 245 |
_aFirst things first _b: an integrated course for beginners : student's book |
||
| 260 |
_aLondon : _bLongman, _c1972 (c.1967) |
||
| 300 |
_a146 p. _b: ilus. |
||
| 490 | _aNew concept english | ||
| 590 |
_aBATCH-UPD _b10 _c20130110 _lUCH01 _h0232 |
||
| 590 |
_aBATCH-UPD _b10 _c20130110 _lUCH01 _h1758 |
||
| 590 |
_aBATCH-UPD _b10 _c20130409 _lUCH01 _h2256 |
||
| 590 |
_aBATCH-UPD _b10 _c20130410 _lUCH01 _h1134 |
||
| 590 |
_aBATCH-UPD _b10 _c20130914 _lUCH01 _h1641 |
||
| 590 |
_aCONVERSION _b10 _c20130109 _lUCH01 _h1310 |
||
| 650 | 1 | 4 |
_aInglés _xEstudio y enseñanza. _958340 |
| 650 | 1 | 4 |
_aInglés _xLibros para extranjeros. _958343 |
| 830 | 0 |
_aNew concept english _980978 |
|
| 901 | _aBK | ||
| 942 | _cLIBRO | ||
| 949 |
_a428.24 A54 _bBC _cLIBRO _d33724000433934 _eLIBRO _fc.10 _h29186 _i21941 _si _t29.25 |
||
| 949 |
_a428.24 A54 _bBC _cLIBRO _d33724000434130 _eLIBRO _h29177 _i21941 _si _t29.25 |
||
| 949 |
_a428.24 A54 _bBC _cLIBRO _d33724000434148 _eLIBRO _fc.4 _h29180 _i21941 _si _t29.25 |
||
| 949 |
_a428.24 A54 _bBC _cLIBRO _d33724000434155 _eLIBRO _fc.5 _h29181 _i21941 _so _t29.25 |
||
| 949 |
_a428.24 A54 _bBC _cLIBRO _d33724000434163 _eLIBRO _fc.2 _h29178 _i21941 _si _t29.25 |
||
| 999 |
_c16885 _d16885 |
||